Geografia per Lettere - K - Statistics

Statistiche generali
  • Questo quiz è stato fatto 113 volte
  • Il punteggio medio è 9 su 20
Statistiche sulle risposte
Categoria Risposta % Corretto
Stato Africano Kenya
97%
Stato USA Kansas - Kentucky
86%
Stato Europeo Kosovo
81%
Stato Asiatico Kazakistan - Kirghizistan - Kuwait
75%
Montagna (7500m) K2- Kunyang Chhish - Kanjut Sar - Kāmet - Kungur Tagh - Kongkoerh - Kungur Tjube Tagh - Kula Kangri
73%
Stato Oceaniano Kiribati
65%
Capitale Asiatica Kabul - Katmandu - Kuala Lumpur
64%
Capitale Europea Kiev
62%
Capitale Africana Khartum - Kigali - Kinshasa
47%
Capitale Nord Americana Kingston - Kingstown
46%
Città Asiatica (tra le 100 più Grandi del Mondo) Karachi - Kuala Lumpur
44%
Sette Vette Kilimangiaro - Kosciuszko
44%
Città Africana (tra le 100 più Grandi del Mondo) Khartum - Kinshasa
37%
Isola Giapponese (tra le 5 Maggiori) Kyūshū
20%
Lingua (6mil+ di parlanti) Kanauji - Kannada - Kazako - Khmer - Kinyarwanda - Konkani
18%
Contea Inglese Kent
18%
Penisola Kamčatka - Kenai - Kassandra - Kanyakumari - Kola
8%
Isola Hawaiana Kauai - Kaohikaipu
4%
Valuta in Uso Kina - Kip - Kwacha - Kwanza - Kyat
3%
Parco Nazionale USA Katmai - Kings Canyon - Kobuk Valley
0%
Nessun quiz corrispondente trovato
Distribuzione punteggi
Percentuale di utenti per punteggio
Percentile per numero di risposta
I tuoi punteggi nel tempo
Non hai fatto questo quiz